000
00285nam a22001097a 4500
999
_c
508142
_d
508142
082
_a
Y15x5451 H995/2
100
_a
Government of Hyderabad
_9
3237
245
_a
Hyderabad tahsil manual, 1950
260
_a
Hyderabad
_b
Government of Hyderabad
_c
1950
300
_a
229p.
440
_v
II
_9
3238